[Event "Moscow Alekhine op"]
[Site "Moscow"]
[Date "1992.??.??"]
[Round "?"]
[White "Kiselev, Sergey"]
[Black "Yudasin, Leonid"]
[Result "0-1"]
[WhiteElo "2530"]
[BlackElo "2635"]
[Annotator "Dautov,R"]
[PlyCount "77"]
[EventDate "1992.10.??"]
[EventType "swiss"]
[EventRounds "9"]
[EventCountry "RUS"]
[SourceTitle "CBM 033"]
[Source "ChessBase"]
[SourceDate "1993.04.01"]
[SourceVersion "1"]
[SourceVersionDate "1993.04.01"]
[SourceQuality "1"]

1. d4 Nf6 2. c4 e6 3. Nf3 b6 4. g3 Ba6 5. b3 d5 6. cxd5 exd5 7. Bg2 Bd6 8. O-O
O-O 9. Nc3 Nbd7 10. Ne1 {N} (10. Bb2 Re8 11. Rc1 c6 12. Re1 Rc8 13. Nd2 Bb7 14.
e4 dxe4 15. Ndxe4 Nxe4 16. Nxe4 Bb4 17. Re3 $14 {Novikov,I-Basin,L USSR 46/713
1988}) (10. Bf4 Qe7 (10... Bxf4 11. gxf4 c5 12. Ne5 Bb7 $13 {Yudasin}) 11. Rc1
Rfe8 12. Rc2 c6 13. Bxd6 Qxd6 14. Qc1 Ne4 15. Re1 Bb7 16. Qf4 Qe7 17. Bh3 Nf8
$2 18. Nxd5 $1 $16 {Winants,L-Sax,G Brussels WCup 1988}) (10. Nh4 Re8 11. Re1
Ne4 $1 12. Bb2 Ndf6 $36 {Lukacs,P-Yudasin,L Leipzig 43/667 1986}) 10... Re8 11.
Nd3 c6 12. Bf4 Bxf4 (12... Qe7 $5 13. Bxd6 Qxd6) 13. Nxf4 Qe7 14. Qc2 (14. Rc1
$5 Nf8 (14... Rac8 15. Bh3) 15. Re1 Bb7 16. e4 dxe4 17. Nxe4 Nxe4 18. Bxe4 Qd6
19. Qd3 Rad8 20. Red1 $14) 14... Nf8 15. Rfe1 Bb7 16. Rac1 (16. Qb2 Rad8 17. b4
Ne4 18. e3 $14) 16... Rad8 17. e4 $2 {><d4} (17. e3 c5 $6 18. Red1 $14) 17...
dxe4 18. Nxe4 Nd5 $1 19. Nd3 Ne6 20. Nc3 $6 (20. Qb2 Nb4 21. Nxb4 Qxb4 22. Red1
Rxd4 23. a3 Rxd1+ 24. Rxd1 Qe7 25. Qe5 $44) 20... Nb4 $17 21. Nxb4 Qxb4 22. h3
Rxd4 23. Re3 Red8 24. Rce1 Qe7 25. Be4 g6 26. h4 Rd2 27. Qb1 Qf6 28. Rf3 (28.
R1e2 Rxe2 29. Nxe2 Rd2 $17) 28... Qg7 29. b4 Nd4 30. Rfe3 Qf6 31. Nd1 Ba6 $19
32. Kg2 Bb5 33. a3 Ba4 34. Qc1 Nc2 35. Bxc2 Rxc2 {/\Rd1} 36. Re8+ Kg7 37. Qe3
$2 (37. Qg5 Qxg5 38. hxg5 Rxe8 39. Rxe8 c5 40. Re7 Bc6+ $19) 37... Rxe8 38.
Qxe8 Rd2 39. h5 0-1

[Event "Moscow Alekhine op"]
[Site "Moscow"]
[Date "1992.??.??"]
[Round "?"]
[White "Epishin, Vladimir"]
[Black "Tiviakov, Sergei"]
[Result "1/2-1/2"]
[WhiteElo "2630"]
[BlackElo "2585"]
[Annotator "Dautov,R"]
[PlyCount "98"]
[EventDate "1992.10.??"]
[EventType "swiss"]
[EventRounds "9"]
[EventCountry "RUS"]
[SourceTitle "CBM 033"]
[Source "ChessBase"]
[SourceDate "1993.04.01"]
[SourceVersion "1"]
[SourceVersionDate "1993.04.01"]
[SourceQuality "1"]

1. d4 Nf6 2. c4 e6 3. Nf3 b6 4. g3 Bb4+ 5. Bd2 Be7 6. Nc3 $5 (6. Bg2 c6 7. O-O
d5 8. Ne5 Nfd7 $1 9. cxd5 Nxe5 10. dxe5 cxd5 11. Nc3 O-O 12. Rc1 Nd7 13. e4 d4
14. Nb5 Nxe5 15. Bf4 Ba6 16. Qa4 Bxb5 17. Qxb5 Ng6 18. Bc7 Qe8 19. Qxe8 Raxe8
20. e5 Bc5 $17 {Anand,V-Tiviakov,S Tilburg 1992}) (6. Bg2 c6 7. O-O O-O 8. Nc3
d5 9. Qa4 Bb7 10. Rac1 Nbd7 11. Rfd1 a6 12. Qb3 dxc4 13. Qxc4 b5 14. Qd3 c5 $10
{Adams,M-Tiviakov,S Oakham 1992}) (6. Bg2 c6 7. Nc3 d5 8. Ne5 O-O 9. O-O Nfd7
10. Nxd7 Qxd7 11. cxd5 cxd5 12. e4 dxe4 13. Bxe4 Bb7 14. Bxb7 Qxb7 15. Qg4 Bf6
16. Bg5 Nd7 17. Rad1 Rad8 18. Bf4 Rfe8 19. Rfe1 Be7 $10 {Kanstler,B-Tiviakov,S
URS-ch58 1991}) 6... c6 7. e4 d5 8. Bd3 (8. e5 Ne4 9. Bd3 Nxd2 (9... Nxc3 10.
bxc3 $5) 10. Qxd2 dxc4 11. Bxc4 O-O 12. O-O Bb7 13. Rfd1 $14) (8. cxd5 cxd5 9.
e5 Ne4 10. Bb5+ Bd7 11. Bd3 Nxd2 12. Qxd2 Nc6 $13) 8... dxe4 (8... Ba6 9. Qe2
$14) 9. Nxe4 Bb7 10. Qe2 Nbd7 11. O-O-O O-O 12. Rhe1 c5 13. Bc3 Nxe4 $2 (13...
Qc7 $142 14. dxc5 Nxe4 (14... bxc5 $14) (14... Nxc5 $5 15. Nxf6+ Bxf6 16. Bxf6
Nxd3+ 17. Rxd3 gxf6 $13) 15. Bxe4 Nxc5 (15... Bxe4 16. Qxe4 Nxc5 17. Qg4 $36)
16. Bxb7 Qxb7 $10) 14. Bxe4 Bxe4 15. Qxe4 {/\d5} Nf6 $5 (15... Bf6 16. Ne5 cxd4
17. Bxd4 Bxe5 18. Bxe5 $16) (15... cxd4 16. Nxd4 Nc5 $2 17. Qg4 $18) 16. Qb7 $1
$16 Re8 17. dxc5 (17. d5 $5 exd5 18. cxd5 Qd7 19. Qxd7 Nxd7 $14) 17... Qc8 18.
c6 (18. Qxc8 $5 Rexc8 19. b4 a5 20. a3 axb4 21. axb4 bxc5 22. b5 Ra4 23. Ne5
$16 {/\Kc2}) 18... Qxb7 19. cxb7 Rab8 20. Bxf6 Bxf6 21. Rd7 Re7 22. Ne5 $1 (22.
Red1 Kf8 $1 23. Rd8+ Re8 24. Rxb8 Rxb8 25. Rd7 Ke8 26. Rc7 Bd8 27. Rc8 Rxb7 $10
) 22... Rxd7 23. Nxd7 Rxb7 24. Nxf6+ gxf6 25. Kc2 Kf8 26. Rd1 Rc7 27. Kc3 Ke7
28. b4 e5 29. a4 f5 30. c5 $1 (30. Rd5 Ke6 31. a5 $16) 30... bxc5 31. b5 c4 32.
a5 f6 33. Rd2 (33. b6 axb6 34. axb6 Rb7 35. Rb1 Kd6 36. Kxc4 Kc6 37. h4 f4 38.
gxf4 exf4 39. h5 (39. f3 h5 $1 40. Kd4 Rxb6 41. Rxb6+ Kxb6 42. Ke4 (42. Kd5 Kb5
$10) 42... Kc5 43. Kxf4 (43. Kf5 Kd5 $10) 43... Kd4 44. Kf5 Ke3 45. Kxf6 Kxf3
46. Kg5 Ke4 47. Kxh5 Kf5 $10) 39... f3 40. h6 Rxb6 41. Rxb6+ Kxb6 42. Kd5 Kb5
$10) 33... h5 (33... Rc8 34. b6 axb6 35. axb6 Rb8 36. Rb2 Kd6 37. Kxc4 Kc6 38.
b7 f4 39. gxf4 exf4 40. Kd4 f3 41. Ke4 Rxb7 42. Rxb7 Kxb7 43. Kf5 Kc6 44. Kxf6
Kd5 45. Kf5 $18) 34. h4 (34. b6 $1 axb6 35. axb6 Rb7 36. Rb2 Kd6 37. Kxc4 Kc6
38. h4 f4 39. gxf4 exf4 40. Kd4 f3 (40... Rd7+ 41. Ke4 Kb7 42. Kf5 $1 $18) 41.
Ke4 Re7+ (41... Rxb6 42. Rxb6+ Kxb6 43. Kxf3 Kc5 44. Ke4 Kd6 45. Kf5 Ke7 46.
Kg6 Ke6 47. f4 $18) 42. Kxf3 Kb7 43. Rb5 $16) 34... Ke6 35. Rd8 $2 (35. b6 axb6
36. axb6 Rb7 37. Rb2 Kd5 38. Rb5+ Kc6 (38... Ke4 39. Kxc4 f4 40. gxf4 Kxf4 41.
Kc5 Kf3 42. Kc6 Rb8 43. Kc7 Rh8 44. b7 Kxf2 45. b8=Q Rxb8 46. Rxb8 Kg3 47. Rb4
f5 48. Kd6 $18) 39. Kxc4 Kd6 40. Rb1 Kc6 41. Rb2 f4 $16 {->34.b6}) 35... Rc5
36. Rb8 Kd5 37. a6 Rc7 $8 38. Rb7 Rc5 39. Rd7+ Ke4 40. Rxa7 Rxb5 41. Rf7 Ra5
42. Rxf6 Ra4 $10 43. Re6 Kf3 44. Rxe5 Kxf2 45. Rxf5+ Kxg3 46. Rxh5 Rxa6 47. Rh8
Kg4 48. h5 Kg5 49. h6 Rxh6 1/2-1/2

[Event "Leon"]
[Site "Leon"]
[Date "1992.??.??"]
[Round "5"]
[White "Tukmakov, Vladimir B"]
[Black "Yudasin, Leonid"]
[Result "1/2-1/2"]
[WhiteElo "2535"]
[BlackElo "2580"]
[Annotator "Dautov,R"]
[PlyCount "38"]
[EventDate "1992.04.??"]
[EventType "tourn"]
[EventRounds "9"]
[EventCountry "ESP"]
[EventCategory "11"]
[SourceTitle "CBM 031"]
[Source "ChessBase"]
[SourceDate "1992.12.01"]
[SourceVersion "1"]
[SourceVersionDate "1992.12.01"]
[SourceQuality "1"]

1. d4 Nf6 2. c4 e6 3. Nf3 b6 4. g3 Ba6 5. b3 d5 6. cxd5 exd5 7. Bg2 Bd6 8. Nc3
{N} (8. O-O O-O 9. Nc3 Nbd7 10. Bb2 Re8 11. Rc1 c6 12. Re1 (12. Rc2 Rc8 {/\Ne4}
) 12... Rc8 13. Nd2 Bb7 14. e4 $14 {Novikov,I-Basin,L SSSR 1988 46/713}) (8.
Ne5 O-O 9. O-O Re8 (9... Nbd7 $5 10. Bf4 Qe8) 10. Nc3 Bxe5 11. dxe5 Rxe5 12.
Bf4 Re6 13. Nxd5 Bxe2 14. Bxc7 Qc8 15. Nxf6+ gxf6 16. Qc1 Bxf1 17. Bxa8 $14 {
Veingold,A-Yudasin,L SSSR 1984 37/585}) 8... Nbd7 9. Nh4 c6 10. a3 (10. Nf5 Bb4
11. Bd2 O-O 12. O-O Re8 13. Re1 g6 14. Nh6+ (14. Nh4 $10) 14... Kg7 15. Rc1 Nf8
{פh6}) 10... g6 $1 (10... O-O 11. Nf5 Bc7 12. O-O $36 {Yudasin,54/507}) 11.
O-O (11. Bh6 Ng4 12. Bd2 O-O 13. b4 $5 (13. e4 $6 f5 14. e5 Ndxe5 $1 $44 {
Yudasin,54/(507)}) 13... Bc4 (13... Qf6 14. Nf3 $14) (13... Ngf6 14. b5 Bb7 15.
Qb3 $14) 14. b5 cxb5 15. Bxd5 (15. Nxd5 $2 Re8 16. Nc3 b4 $36) 15... Bxd5 16.
Nxd5 $13) 11... O-O 12. Bg5 Re8 13. Re1 Be7 $1 14. Nf3 Ne4 $10 15. Bxe7 Qxe7
16. Qc2 Bb7 17. Nd2 (17. b4 c5 $1 $132) 17... Ndf6 (17... c5 18. Ncxe4 dxe4 19.
dxc5 Nxc5 20. b4 e3 21. bxc5 exd2 22. Qxd2 Bxg2 23. Kxg2 Qxc5 $10) 18. Ndxe4
dxe4 19. e3 h5 1/2-1/2

[Event "Bundesliga 0102"]
[Site "Germany"]
[Date "2002.04.14"]
[Round "13.1"]
[White "Dautov, Rustem"]
[Black "Hracek, Zbynek"]
[Result "1/2-1/2"]
[WhiteElo "2630"]
[BlackElo "2610"]
[Annotator "Dautov,R"]
[PlyCount "87"]
[EventDate "2001.10.06"]
[EventType "team-tourn"]
[EventRounds "15"]
[EventCountry "GER"]
[SourceTitle "CBM 088"]
[Source "ChessBase"]
[SourceDate "2002.03.21"]
[SourceVersion "1"]
[SourceVersionDate "2002.03.21"]
[SourceQuality "1"]
[WhiteTeam "Godesberg"]
[BlackTeam "Werder Bremen"]
[WhiteTeamCountry "GER"]
[BlackTeamCountry "GER"]

1. d4 Nf6 2. c4 e6 3. Nf3 b6 4. g3 Ba6 5. Qa4 Bb7 6. Bg2 c5 7. dxc5 Bxc5 8. O-O
Be7 9. Nc3 Na6 10. Bf4 O-O 11. Rfd1 Nc5 12. Qc2 Nce4 $6 {Dieser
Eröffnungsfehler ist gut bekannt. Schwarz landet forciert in einem
schlechteren Endspiel.} ({Korrekt ist} 12... Qc8 13. Rac1 Nce4 14. Nd4 Nxc3 15.
Qxc3 a6) 13. Ne5 $1 Nxc3 14. Bxb7 Nxd1 15. Rxd1 Rb8 (15... Rc8 $2 16. Bxc8 Qxc8
17. Qa4 $16) 16. Nc6 dxc6 17. Rxd8 Rbxd8 18. Bxc6 ({Ein anderer, für Schwarz
nicht weniger gefährliche Versuch ist} 18. Qa4 $5 Ng4 $5 {wurde von Hracek
nach der Partie vorgeschlagen. Schwarz versucht den Punkt f2 anzugreifen.} ({
Gespielt wurde bisher nur} 18... Bd6 {Aussichtsreicher ist dagegen} 19. Qxa7 $1
({Nicht viel bringt Weiß} 19. Bxc6 Bxf4 20. gxf4 Rc8 $1 (20... a5 $6 21. c5 $1
$18 {Timman,J-Seirawan,Y/Amsterdam 1992}) 21. Bb7 Rc7 22. Qxa7 Nd7 23. Qa6 Nc5
24. Qxb6 Rxb7 25. Qxc5 Rxb2 $11) 19... Bxf4 20. gxf4 Rd7 21. b4 b5 22. Qa6 bxc4
23. Bxc6 Rd1+ 24. Kg2 Rc1 25. b5 $16 {Huzman,A-Podgaets,M/Ohrid 2001}) 19. h3 (
19. Bxc6 Bc5 20. Kg2 a5 $132) 19... e5 20. Bc1 b5 21. Qc2 Nf6 22. Bxc6 bxc4 23.
Bb5 $14 {sichert Weiß einen langfristigen Vorteil.}) 18... Bd6 19. Bxd6 $6 {
Der Läufertausch vereinfacht die schwarze Verteidigung. Weiß kann seine
Bauernmajorität auf dem Damenflügel am besten mit Hilfe seines Läuferpaares
zur Geltung bringen. Ich wußte, daß diese Stellung in der Partie
Vyzmanavin-Aseev vorkam, konnte mich aber nicht daran erinnern, wie Weiß
fortsetzte.} ({Vyzmanavin spielte wesentlich besser:} 19. Bd2 $1 Rc8 20. Qa4 $1
Rc7 (20... a5 $2 21. Be3) 21. b4 Rfc8 22. Bb5 $1 Ne4 23. Be1 Be5 (23... Be7 24.
Kg2 Bf6 25. Ba6 Rd8 26. Qc2 Nd6 27. c5 Nf5 28. Qa4 $16 {Kantsler,B-Baimuratov,
S/Bishkek 1993}) 24. Ba6 Rd8 25. Kg2 Nf6 26. c5 bxc5 27. Qa5 Ne8 28. bxc5 Rb8
29. c6 $16 {Vyzmanavin,A-Aseev,K/Moscow URS-ch 1991}) 19... Rxd6 20. Bf3 (20.
Qa4 $5 a5 (20... Rc8 $2 21. Bb7 Rc7 22. Qxa7 $16) 21. Qb5 Rc8 22. Bf3 Kf8 (
22... Rc5 23. Qa6) 23. a3 Ke7 24. b4 axb4 25. axb4 Nd7 $14 {, und Schwarz kann
die Stellung ohne große Mühe halten.}) 20... Rc8 $1 {Der beste Zug.} ({Weder} 
20... Rfd8 $6 21. Qc3 Rd1+ 22. Kg2 Ra1 23. a3 Rdd1 24. e4 Rg1+ 25. Kh3 h6 26.
Qe5 $16) ({, noch} 20... e5 $6 21. b4 Rc8 22. Bb7 Rc7 23. Ba6 $14 {><e5 bietet
eine vollwertige Alternative zum Textzug.}) 21. Qc3 Rd7 22. b3 Rc5 23. e3 (23.
b4 Rc8 24. c5 $2 bxc5 25. bxc5 Rdc7 26. c6 Nd5 $11) 23... h6 24. Kg2 Rdc7 {
Mit der Idee b6-b5.} (24... b5 $2 25. Qb4) ({In Frage kam} 24... a5 $5 {, z.B.}
25. a3 Rdc7 26. Be2 Rd7 27. b4 axb4 28. axb4 Rc8 29. Qa3 Rd6 30. Qa7 Kf8 $14)
25. Be2 Rd7 26. Bf3 Rdc7 27. Be2 Rd7 28. b4 {Nach einer gründlichen
Vorbereitung kommen die weißen Bauern in Bewegung.} Rc8 29. a4 {Weiß plant,
dem Gegner mit a4-a5 eine Schwäche auf b6 zu verpassen.} Nd5 (29... Ne4 30. Qe5
(30. Qc2) 30... Nd2 $6 31. Qb5 Rdc7 32. c5 $1 bxc5 33. Qd3 cxb4 34. Qxd2 $16) (
29... Kf8 $5) 30. Qd4 (30. Qa3 $1 Nf6 31. a5 Rd2 32. axb6 axb6 33. Qa6 $14)
30... Nf6 31. Qc3 Rdc7 $6 {Sehr kooperativ, Hracek erlaubt mir die
Planausführung.} 32. Qe5 Nd7 (32... a5 $2 33. Qb5 axb4 34. Qxb6 $16) 33. Qb5 $1
Kf8 34. a5 Ke7 35. f4 $1 (35. Qa4 Ne5 $11) 35... Rc6 36. Qa4 Rd6 37. Kf2 Rc7
38. e4 $6 {Zu früh!} ({Wesentlich unangenehmer war die Aufgabe von Schwarz nach
} 38. Qa1 $1 {Zumindest hätte mein Gegner einige einzige Verteidigungszüge
finden müssen.} g6 (38... Nf6 39. Kf3 {/\e4-e5}) (38... f6 39. axb6 axb6 40.
Qa8 Nf8 41. Qb8 $36) 39. e4 e5 $1 (39... h5 $2 40. e5 $16) 40. fxe5 Re6 41.
axb6 axb6 42. Bg4 Rec6 43. Qd4 Rxc4 44. Qd6+ Ke8 45. Bxd7+ (45. e6 Nf6 46.
exf7+ Kxf7 47. Be6+ Kg7 $14) 45... Rxd7 46. Qxb6 Rxe4 {, und Schwarz wird das
Unentschieden halten.}) 38... e5 $1 39. Qb5 g6 40. Ke3 (40. Bg4 exf4 41. gxf4
a6 $1 42. Qxa6 bxa5 $11) 40... h5 41. Bf1 Rdc6 42. Bd3 Rd6 43. Bf1 Rdc6 44. Bd3
{Der Remisschluß mag etwas verfrüht erscheinen, aber ich sah keinen
konstruktiven Plan. Schwarz pendelt mit seinem Turm auf den Feldern c6 und d6,
gelegentlich ist Re6 und Nd7-f6 möglich.} 1/2-1/2

[Event "USA-ch"]
[Site "Modesto"]
[Date "1995.??.??"]
[Round "4"]
[White "Browne, Walter Shawn"]
[Black "De Firmian, Nick E"]
[Result "1/2-1/2"]
[WhiteElo "2560"]
[BlackElo "2605"]
[Annotator "Dautov,R"]
[PlyCount "61"]
[EventDate "1995.11.??"]
[EventType "tourn"]
[EventRounds "13"]
[EventCountry "USA"]
[EventCategory "12"]
[SourceTitle "CBM 051"]
[Source "ChessBase"]
[SourceDate "1996.04.01"]
[SourceVersion "1"]
[SourceVersionDate "1996.04.01"]
[SourceQuality "1"]

1. d4 Nf6 2. c4 e6 3. Nf3 b6 4. g3 Bb4+ 5. Bd2 Bxd2+ 6. Qxd2 Ba6 7. b3 c6 8.
Nc3 d5 9. e4 Nxe4 10. Nxe4 dxe4 11. Ng5 Nd7 12. Bg2 (12. Nxe4 Nf6 13. Nc3 c5
14. dxc5 Qxd2+ 15. Kxd2 Bb7 16. Rg1 bxc5 17. Bg2 O-O-O+ 18. Ke2 Bxg2 19. Rxg2
Kb7 $10 {Dlugy,M-De Firmian,N/USA-ch/1989/}) 12... Nf6 13. Nxe4 Nxe4 14. Bxe4
Bb7 15. Rc1 $5 {N} (15. O-O O-O 16. Qe3 Qf6 17. Rad1 Rfd8 18. Rd2 Rd7 19. Rfd1
Rad8 20. h4 $14 h5 21. Kh2 g6 22. Rd3 Kg7 23. R3d2 Rc8 24. c5 {ץb7} Re7 25.
Qf3 Qxf3 26. Bxf3 Rcc7 27. Bg2 Kf6 28. f4 Red7 $10 {Hjartarson-De Firmian/
Akureyri/1994}) 15... O-O 16. c5 Qd7 {><d4} 17. O-O (17. Qe3 $2 Rfd8 $17) 17...
e5 18. Rfd1 Rfd8 19. Qc2 exd4 20. cxb6 $6 (20. Bxh7+ Kh8 21. Be4 Qe6 22. f3 g6
23. g4 Kg7 24. Qf2 $14) 20... axb6 21. Bxc6 $10 Qc8 (21... Bxc6 22. Qxc6 Qxc6
23. Rxc6 b5 24. Rb6 g6 25. Rxb5 Rxa2 $10) 22. Qe4 Bxc6 23. Qxc6 (23. Rxc6 Qb7
24. a4 Rd6 25. Rdc1 d3 $15) 23... Qa6 24. a4 Qa5 25. Rd3 h6 26. Qe4 (26. Rcd1
Rac8 27. Qe4 Qb4 $10) 26... b5 27. Rxd4 Rxd4 28. Qxd4 bxa4 29. bxa4 Qxa4 30.
Rc8+ Kh7 31. Qd3+ 1/2-1/2

[Event "Reggio Emilia 9596 38th"]
[Site "Reggio Emilia"]
[Date "1995.12.28"]
[Round "1"]
[White "Epishin, Vladimir"]
[Black "Dautov, Rustem"]
[Result "1/2-1/2"]
[WhiteElo "2640"]
[BlackElo "2620"]
[Annotator "Dautov,R"]
[PlyCount "82"]
[EventDate "1995.12.28"]
[EventType "tourn"]
[EventRounds "9"]
[EventCountry "ITA"]
[EventCategory "14"]
[SourceTitle "CBM 051"]
[Source "ChessBase"]
[SourceDate "1996.04.01"]
[SourceVersion "1"]
[SourceVersionDate "1996.04.01"]
[SourceQuality "1"]

1. d4 Nf6 2. c4 e6 3. Nf3 b6 4. g3 Ba6 5. b3 Bb4+ 6. Bd2 Be7 7. Bg2 c6 8. Bc3
d5 9. Ne5 Ne4 10. O-O Nxc3 11. Nxc3 O-O 12. e4 dxc4 13. Nxc4 b5 14. Ne3 Nd7 15.
Qc2 $6 (15. Rc1 Rc8 16. Re1 Qa5 17. Qc2 Ba3 $10 {Petursson,M-Portisch,L/
Reykjavik 1987}) 15... c5 $1 {N} (15... Rc8 16. Rfd1 Qb6 17. a3 c5 18. d5 Ne5
19. a4 b4 20. Nb5 $1 $16 {Karpov,An-Vyzmanavin,A /Tilburg 20' 1993}) 16. d5 Bf6
17. dxe6 (17. Rad1 $2 Bxc3 18. Qxc3 b4 $17) (17. Rfd1 b4 18. dxe6 fxe6 19. e5 (
19. Na4 $2 Bxa1 20. Nxc5 Rc8 $19) 19... Bxe5 20. Bxa8 Qxa8 21. Rxd7 Bxc3 22.
Rad1 Qf3 $17 {/\Be2,/\Bb7}) 17... fxe6 18. e5 Bxe5 (18... Nxe5 $2 19. Rad1 (19.
Ne4 $2 Nf3+ 20. Bxf3 Bxa1 $17) 19... Qc8 20. Ne4 Be7 21. Nd6 Bxd6 22. Rxd6 Nf3+
23. Bxf3 Rxf3 24. Rc1 $14) 19. Rad1 (19. Bxa8 $2 Qxa8 20. Rad1 Bd4 21. Qe4 (21.
Ne2 Ne5 $17) 21... Ne5 22. Qxa8 Rxa8 $17) 19... Bd4 $2 (19... Rc8 20. Bh3 (20.
Rfe1 Bd4 $17) (20. Qe4 $2 b4 21. Nc4 bxc3 22. Nxe5 Bxf1 23. Bxf1 Nf6 $19) 20...
Re8 $1 (20... Qe7 $2 21. Qe4 $16) (20... Rc6 $2 21. Qe4 Qb6 22. Ne2 $16) 21.
Ne4 (21. Rfe1 Bd4 $17) (21. Qe4 $2 b4 $19) 21... Qc7 $1 (21... Qe7 22. Ng5 Qxg5
23. Rxd7 Rc7 24. Rxc7 Bxc7 25. Qe4 $44) 22. Ng5 Nf8 23. Rfe1 Bb7 $17) 20. b4 $1
Rc8 21. bxc5 Nxc5 22. Ne2 e5 $15 23. Nxd4 (23. Nf5 b4 24. Nfxd4 exd4 25. Rxd4
Qe7 26. Rd2 Rce8 27. Re1 Kh8 $15 {/\Rf2}) 23... exd4 24. Bd5+ Kh8 25. Rxd4 Ne6
26. Bxe6 Qxd4 27. Bxc8 Bxc8 28. Rd1 Qf6 (28... Qe5 29. Rd5 Qa1+ 30. Rd1) 29.
Nd5 $1 Qf3 (29... Qf7 30. Nf4 Bb7 31. Qc5 a6 32. h4 $10) 30. Rd3 Qe4 31. Qc5 $1
Qf5 $1 (31... Qe1+ 32. Kg2 Rxf2+ 33. Qxf2 Bh3+ 34. Kf3 Bg4+ 35. Kg2 $10) 32.
Rc3 $6 $138 Bb7 33. Nf4 Rd8 $1 34. f3 Qb1+ 35. Kg2 (35. Rc1 $2 Rd1+ 36. Kg2
Qxa2+ 37. Rc2 Rd2+ $19) 35... Qxa2+ 36. Kh3 Qf7 $2 $138 (36... Qa6 37. Rd3 Rg8
(37... Bc8+ 38. g4 Rg8 39. Kg3 Qb7 40. Rd5 $1 $10 {/\} a6 $4 41. Ng6+ hxg6 42.
Rh5+ gxh5 43. Qxh5#) (37... Rc8 38. g4 $44) 38. g4 Ba8 39. Qe7 $44) (36... a6
37. Qc7 (37. Qe7 Bc8+ 38. g4 Qg8 39. Rc7 Qf8 40. Qe5 Rd7 $17) 37... Qd2 38. Re3
(38. Ne6 $2 Qh6+ 39. Kg2 Rd2+ 40. Kf1 Rd1+ 41. Kg2 Qxe6 $19) (38. g4 Qd7 $1 39.
Qe5 (39. Ne6 Qxc7 40. Rxc7 Rb8 $19) 39... Rc8 $17) 38... Bc8+ 39. g4 Rf8 40.
Re7 Qd4 41. Rf7 Rg8 $17) 37. Qxb5 Bc8+ 38. Kg2 Qa2+ 39. Qe2 $10 Qxe2+ 40. Nxe2
a5 41. Rc5 a4 1/2-1/2